Responses for Show #1924 - Thursday, January 7, 1993

Contestants

[<< previous game]

Paul Klein, a professor from North Miami Beach, Florida

Sean Rooney, a sales manager originally from Columbus, Ohio

Marty Green, an electrician from Fresh Meadows, New York (whose 2-day cash winnings total $13,800)

[next game >>]

Jeopardy! Round responses

PIONEER TRAILS
PERCUSSION INSTRUMENTS
SILENT MOVIES
MORTAL MATTERS
FAMOUS WOMEN
"A" IN SCIENCE
(Alex: Each correct response will begin with that letter of the alphabet.)
    $100 7
the Oregon Trail

Marty
    $100 10
a triangle

Sean
    $100 1
Dracula

Paul
    $100 20
their last meal

Marty
    $100 15
Liz Taylor

Paul
    $100 2
an amoeba

Paul
    $200 9
(Sean: What is the Cumberland Trail?)
(Paul: What is the Oregon Trail?)

the Wilderness Road

SeanPaul
Triple Stumper
    $200 11
xylophone

Marty
    $200 8
Lon Chaney (Sr.)

Paul
    $200 21
a duel

Marty
    $200 16
Ann Landers & Dear Abby

Paul
    $200 3
asteroids

Marty
    $300 25
the Santa Fe Trail

Marty
    $300 12
a tambourine

Paul
    $300 28
Birth of a Nation

Marty
    $300 22
rigor mortis

Marty
    $300 17
Golf

Sean
    $300 4
anesthesia

Paul
    $400 26
the Chisholm Trail

Marty
    $400 13
(Chinese) gong

Triple Stumper
    $400 29
Russia

Marty
    $400 23
C.S. Lewis

Triple Stumper
    $400 18
(Barbara) Woodhouse

Paul
    $400 5
astigmatism

Marty
    $500 27
the Mormon Trail

Marty
    $500 14
timpani (kettle drums)

Paul
    $500 30
(Sarah) Bernhardt

Paul
    $500 24
Pavlova

Sean
    $500 19
Mary Quant

Paul
    $500 6
ascorbic acid

Sean

Scores at the first commercial break (after clue 15):

Marty Sean Paul
$900 $400 $1,400

Scores at the end of the Jeopardy! Round:

Marty Sean Paul
$3,400 $1,200 $3,000

Double Jeopardy! Round responses

SOUTH AMERICA
RELIGION
NOTABLE QUOTES
HISTORY
OPERA
COLD-BLOODED ANIMALS
    $200 6
the isthmus of Panama

Paul
    $200 14
mistletoe

Marty
    $200 24
(Robert) Burns

Paul
    $200 1
Switzerland

Marty
    $200 2
Rome

Marty
    $200 18
chameleon

Marty
    $400 7
the Amazon

Marty
    $400 15
the Quakers

Marty
    $400 27
(Paul: What is feed you?)

take you in

Paul
Triple Stumper
    $400 5
Budapest

Paul
    $400 3
(Paul: What is Peru?)

Mexico

MartyPaul
    $400 19
nighttime

Marty
    $600 8
(Marty: What is Venezuela?)
(Sean: What is Argentina?)

Colombia

MartySeanPaul
    $600 16
Sweden

Triple Stumper
    $600 28
a star

Marty
    $600 11
the Boxer

Marty
    $600 4
(Marty: Who is Gilbert?)

Sullivan

MartySean
    $600 20
molt

Paul
    $800 9
(Paul: What is Guiana?)
(Alex: Guy—[*], right.)

Guyana

Paul
    $800 17
Buddhism

Paul
    $1,000 29
(Marty: What is nothing?)

temptation

Marty
    $800 12
(Charles) Cornwallis

Marty
    $800 25
Verdi

Sean
    $1,500 21
(Paul: What is a leatherback [*]?)

turtle

Paul
    $1000 10
the Atacama

Marty
    $1000 23
Vishnu

Marty
    $1000 30
(Alex: Kind of a dumb line.)

a smoke

Triple Stumper
    $1000 13
Baghdad

Sean
    $1000 26
Puccini

Sean
    $1000 22
salamanders

Sean

Scores at the end of the Double Jeopardy! Round:

Marty Sean Paul
$7,600 $5,000 $7,300

[wagering suggestions for these scores]

Final Jeopardy! Round responses

19th CENTURY AUTHORS
SeanWho is Kipling?
$2,700
PaulWho is Lewis Carroll?
$2,701
MartyWho was Rogers
$7,001
Lewis Carroll

Final scores:

Marty Sean Paul
$599 $2,300 $10,001
3rd place: Smith Corona word processor 2nd place: Ashley bar, display, and entertainment cabinet + S&S Mills carpeting New champion: $10,001

Game dynamics:

Coryat scores:

Marty Sean Paul
$8,600 $5,000 $6,600
25 R,
3 W
(including 1 DD)
9 R,
2 W
19 R
(including 2 DDs),
3 W

Combined Coryat: $20,200

[game clues] [game scores] [suggest correction]

Game tape date: 1992-09-21
The J! Archive is created by fans, for fans. Scraping, republication, monetization, and malicious use prohibited; this site may use cookies and collect identifying information. See terms. The Jeopardy! game show and all elements thereof, including but not limited to copyright and trademark thereto, are the property of Jeopardy Productions, Inc. and are protected under law. This website is not affiliated with, sponsored by, or operated by Jeopardy Productions, Inc. Join the discussion at JBoard.tv.